Rubber processing : Technology,materials,and principles (Record no. 40980)

MARC details
000 -LEADER
fixed length control field 00682nam a2200253Ia 4500
082 ## - DEWEY DECIMAL CLASSIFICATION NUMBER
Classification number NR:62:678.02
Item number WHI;2
100 ## - MAIN ENTRY--AUTHOR NAME
Personal name White, James L
245 #0 - TITLE STATEMENT
Title Rubber processing : Technology,materials,and principles
260 ## - PUBLICATION, DISTRIBUTION, ETC. (IMPRINT)
Place of publication New Delhi
Name of publisher Hanser
Year of publication 1995
650 ## - SUBJECT ADDED ENTRY--TOPICAL TERM
Topical Term Calendering
650 ## - SUBJECT ADDED ENTRY--TOPICAL TERM
Topical Term Die equipments
650 ## - SUBJECT ADDED ENTRY--TOPICAL TERM
Topical Term Elastomer blends
650 ## - SUBJECT ADDED ENTRY--TOPICAL TERM
Topical Term Extrusion
650 ## - SUBJECT ADDED ENTRY--TOPICAL TERM
Topical Term Flow characteristics
650 ## - SUBJECT ADDED ENTRY--TOPICAL TERM
Topical Term Internal mixers
650 ## - SUBJECT ADDED ENTRY--TOPICAL TERM
Topical Term Molding
650 ## - SUBJECT ADDED ENTRY--TOPICAL TERM
Topical Term Rheolosy
650 ## - SUBJECT ADDED ENTRY--TOPICAL TERM
Topical Term Rubber fabrication
650 ## - SUBJECT ADDED ENTRY--TOPICAL TERM
Topical Term Screw pumps extrusion
650 ## - SUBJECT ADDED ENTRY--TOPICAL TERM
Topical Term Synthetic rubber
650 ## - SUBJECT ADDED ENTRY--TOPICAL TERM
Topical Term Synthetic rubber
942 ## - ADDED ENTRY ELEMENTS (KOHA)
Koha item type Reference
Holdings
Withdrawn status Lost status Damaged status Not for loan Home library Current library Date acquired Cost, normal purchase price Full call number Accession Number Koha item type
        RRII Library RRII Library 16/12/2021 248.00 NR:62:678.02 WHI;2 21273 Books